[Event "TCh-FRA Top 12 2018"]
[Site "Brest FRA"]
[Date "2018.05.31"]
[Round "6.2"]
[Board "4"]
[White "Shchekachev, Andrei"]
[Black "Riff, Jean-Noel"]
[Result "0-1"]
[WhiteTitle "GM"]
[BlackTitle "GM"]
[WhiteElo "2540"]
[BlackElo "2507"]
[WhiteTeam "Tremblay en France"]
[BlackTeam "MULHOUSE Philidor"]
[WhiteFideId "4107730"]
[BlackFideId "611190"]
[EventDate "2018.05.26"]

1. Nf3 Nf6 2. c4 e6 3. Nc3 d5 4. d4 Be7 5. Qc2 O-O 6. Bg5 h6 7. Bxf6 Bxf6 8. Rd1
c5 9. dxc5 Qa5 10. cxd5 exd5 11. Nd2 Qxc5 12. Nb3 Qb4 13. Rd2 Be6 14. a3 Qb6 15.
Nxd5 Bxd5 16. Rxd5 Na6 17. g3 Rac8 18. Qd1 Bxb2 19. Bh3 Rc3 20. Rd3 Nc5 21. Nxc5
Rc1 22. Qxc1 Bxc1 23. Nd7 Qa5+ 24. Kf1 Re8 25. Kg2 Qc7 26. Bg4 b5 27. Rhd1 a5
28. f4 Bb2 29. Bf3 b4 30. axb4 axb4 31. Rd5 Qc4 32. R1d3 Bc3 33. Nc5 g6 34. Nb7
Qa2 35. Nc5 Rxe2+ 36. Bxe2 Qxe2+ 37. Kh3 Qf1+ 38. Kg4 Bf6 0-1

[Event "TCh-FRA Top 12 2018"]
[Site "Brest FRA"]
[Date "2018.05.31"]
[Round "6.2"]
[Board "5"]
[White "Istratescu, Andrei"]
[Black "Vlachos, Anatole"]
[Result "1/2-1/2"]
[WhiteTitle "GM"]
[BlackTitle "FM"]
[WhiteElo "2589"]
[BlackElo "2433"]
[WhiteTeam "MULHOUSE Philidor"]
[BlackTeam "Tremblay en France"]
[WhiteFideId "1200372"]
[BlackFideId "26093189"]
[EventDate "2018.05.26"]

1. e4 g6 2. d4 Bg7 3. c4 d6 4. Nc3 Nd7 5. Nge2 Ngf6 6. g3 O-O 7. Bg2 e5 8. O-O
exd4 9. Nxd4 Re8 10. h3 Nc5 11. Re1 a5 12. Nb3 Nfd7 13. Nxc5 dxc5 14. Bf4 Bd4
15. Nb5 Ne5 16. Nxd4 cxd4 17. Bxe5 Rxe5 18. f4 Re8 19. c5 d3 20. Re3 d2 21. Qa4
Bd7 22. Qc2 Bc6 23. Rd1 Qd4 24. Qxd2 Qxc5 25. Kh2 Qb4 26. a3 Qxd2 27. Rxd2 Rad8
28. Rc2 Rd4 29. e5 Bxg2 30. Kxg2 c6 31. Kf3 Red8 32. Rcc3 Kf8 33. Re4 R4d5 34.
Rec4 Rb5 35. b4 axb4 36. Rxb4 Rxb4 37. axb4 Rd5 38. Ke4 Rb5 39. Rc4 Ke7 40. g4
f6 41. exf6+ Kxf6 42. Kd3 h5 43. Rd4 hxg4 44. hxg4 Ke6 45. Kc4 Ke7 46. Rd3 Ke6
47. Rd8 Kf6 48. Rd6+ Kf7 49. Rd7+ Ke6 50. Rh7 Kf6 51. Rd7 Ke6 52. Rd1 Kf6 53.
Rd7 Ke6 54. Rc7 Kf6 55. Rc8 Ke6 56. Re8+ Kf6 57. Ra8 Rd5 58. Ra5 b5+ 59. Kc3 Rd1
60. Ra6 Rc1+ 61. Kb3 Rc4 62. Rb6 Ke6 63. f5+ gxf5 64. gxf5+ Kxf5 65. Rb8 Ke6 66.
Rh8 Rf4 67. Rh3 Ke5 68. Rc3 Rf6 69. Rc5+ Kd4 70. Kb2 Rd6 71. Kb3 Kd3 72. Rc3+
Kd2 73. Rc2+ Ke3 74. Rc5 Kd4 75. Kb2 Re6 76. Kb3 Rd6 1/2-1/2

[Event "TCh-FRA Top 12 2018"]
[Site "Brest FRA"]
[Date "2018.05.31"]
[Round "6.2"]
[Board "6"]
[White "Bellaiche, Anthony"]
[Black "Sokolov, Andrei1"]
[Result "1/2-1/2"]
[WhiteTitle "IM"]
[BlackTitle "GM"]
[WhiteElo "2459"]
[BlackElo "2489"]
[WhiteTeam "Tremblay en France"]
[BlackTeam "MULHOUSE Philidor"]
[WhiteFideId "615668"]
[BlackFideId "627089"]
[EventDate "2018.05.26"]

1. d4 Nf6 2. c4 e6 3. Nc3 Bb4 4. Qc2 c5 5. dxc5 O-O 6. a3 Bxc5 7. Nf3 Qb6 8. e3
Be7 9. e4 d6 10. Be3 Qd8 11. O-O-O Bd7 12. c5 dxc5 13. e5 Nd5 14. Nxd5 exd5 15.
Rxd5 Qb6 16. Bd3 h6 17. Kb1 Qe6 18. Rd1 Bc6 19. Bf5 Qxd5 20. Rxd5 Bxd5 21. Bxh6
Bxf3 22. Qb3 gxh6 23. Qxf3 Nc6 24. Qg4+ Kh8 25. Qh5 Kg7 26. Qg4+ Kh8 27. Qh5 Kg7
28. Qg4+ 1/2-1/2

[Event "TCh-FRA Top 12 2018"]
[Site "Brest FRA"]
[Date "2018.05.31"]
[Round "6.2"]
[Board "7"]
[White "Burri, Quentin"]
[Black "Bellahcene, Bilel"]
[Result "0-1"]
[WhiteTitle "FM"]
[BlackTitle "GM"]
[WhiteElo "2434"]
[BlackElo "2488"]
[WhiteTeam "MULHOUSE Philidor"]
[BlackTeam "Tremblay en France"]
[WhiteFideId "26028654"]
[BlackFideId "696358"]
[EventDate "2018.05.26"]

1. e4 e5 2. Nf3 Nc6 3. Bb5 Nge7 4. Nc3 d6 5. d4 a6 6. Bxc6+ Nxc6 7. dxe5 dxe5 8.
Qxd8+ Kxd8 9. h3 f6 10. Be3 Be6 11. O-O-O+ Kc8 12. Kb1 b6 13. Nd5 Kb7 14. c4 Rd8
15. Rc1 Bf7 16. Rhd1 Bg6 17. Nd2 Nd4 18. Bxd4 exd4 19. Nf4 Bf7 20. Nd3 c5 21. f4
Bd6 22. Rf1 Rde8 23. b3 Re7 24. Kc2 Kc6 25. f5 b5 26. Nf4 bxc4 27. bxc4 Bxf4 28.
Rxf4 Rb8 29. Rf3 Rb4 30. a3 Rxc4+ 31. Nxc4 Bxc4 32. Kd2 Bb5 33. Rf4 c4 34. Ra1
c3+ 35. Kc2 Kc5 36. a4 Bc6 37. Kd3 Rb7 38. Rf2 Rb4 39. Rfa2 Be8 0-1

[Event "TCh-FRA Top 12 2018"]
[Site "Brest FRA"]
[Date "2018.05.31"]
[Round "6.2"]
[Board "8"]
[White "Aflalo, Sophie"]
[Black "Haussernot, Cecile"]
[Result "0-1"]
[BlackTitle "WIM"]
[WhiteElo "2104"]
[BlackElo "2189"]
[WhiteTeam "Tremblay en France"]
[BlackTeam "MULHOUSE Philidor"]
[WhiteFideId "656887"]
[BlackFideId "601632"]
[EventDate "2018.05.26"]

1. e4 c5 2. Nc3 a6 3. Nge2 b5 4. d4 cxd4 5. Nxd4 e6 6. Bd3 Bb7 7. O-O Nc6 8. Be3
Nf6 9. Nxc6 Bxc6 10. a3 Be7 11. f4 O-O 12. e5 Nd5 13. Nxd5 Bxd5 14. f5 Qc7 15.
f6 Qxe5 16. fxe7 Qxe3+ 17. Kh1 Rfe8 18. Qh5 g6 19. Qh4 f5 20. a4 Qc5 21. b4 Qc6
22. Rf2 Qc3 23. Rff1 bxa4 24. b5 axb5 25. Bxb5 Qxc2 26. Rg1 Qc5 27. Bxa4 Qxe7
28. Qd4 Rec8 29. Bb5 Rab8 30. Ba6 Rc2 31. Bd3 Rd2 32. Qc3 Qg5 33. Bf1 Bc6 34.
Qe5 Rbb2 35. Qg3 Qxg3 36. hxg3 g5 37. Ra3 Rd1 38. Kh2 Rbb1 0-1

[Event "TCh-FRA Top 12 2018"]
[Site "Brest FRA"]
[Date "2018.05.31"]
[Round "6.3"]
[Board "1"]
[White "Riazantsev, Alexander"]
[Black "Kveinys, Aloyzas"]
[Result "1/2-1/2"]
[WhiteTitle "GM"]
[BlackTitle "GM"]
[WhiteElo "2662"]
[BlackElo "2493"]
[WhiteTeam "Metz Fischer"]
[BlackTeam "Les Tours de Haute Picardie, SAINT QUENTIN"]
[WhiteFideId "4125029"]
[BlackFideId "12800040"]
[EventDate "2018.05.26"]

1. d4 Nf6 2. c4 e6 3. Nc3 Bb4 4. e3 O-O 5. Nf3 c5 6. Bd3 Nc6 7. O-O Bxc3 8. bxc3
d6 9. e4 e5 10. d5 Ne7 11. Nh4 h6 12. g3 Ng6 13. Ng2 Nh7 14. Qh5 Qd7 15. Bd2 Qg4
16. Qxg4 Bxg4 17. f3 Bd7 18. Rfb1 Rab8 19. Ne3 Ne7 20. f4 exf4 21. gxf4 Ng6 22.
Rf1 f5 23. Nxf5 Bxf5 24. exf5 Nh4 25. Rae1 Nxf5 26. Re6 Rbd8 27. Kg2 Rf7 28.
Rfe1 Nf8 29. Re8 Rxe8 30. Rxe8 g6 31. Rd8 Rd7 32. Ra8 b6 33. Kf3 Kf7 34. Be1 1/2-1/2

[Event "TCh-FRA Top 12 2018"]
[Site "Brest FRA"]
[Date "2018.05.31"]
[Round "6.3"]
[Board "2"]
[White "David, Alberto"]
[Black "Balogh, Csaba"]
[Result "1/2-1/2"]
[WhiteTitle "GM"]
[BlackTitle "GM"]
[WhiteElo "2563"]
[BlackElo "2628"]
[WhiteTeam "Les Tours de Haute Picardie, SAINT QUENTIN"]
[BlackTeam "Metz Fischer"]
[WhiteFideId "4000013"]
[BlackFideId "718939"]
[EventDate "2018.05.26"]

1. e4 e5 2. Nf3 Nc6 3. Bb5 Nf6 4. d3 Bc5 5. c3 O-O 6. O-O d5 7. Nbd2 dxe4 8.
dxe4 Qe7 9. Qc2 a5 10. a4 Nb8 11. Be2 Nbd7 12. Nc4 Nb6 13. Ncxe5 Bd6 14. Nc4
Nxc4 15. Bxc4 Qxe4 16. Qxe4 Nxe4 17. Be3 Bd7 18. Rfd1 Rfd8 19. Bd5 Nf6 20. Bc4
Ne4 21. Bd5 Nf6 22. Bc4 Ne4 1/2-1/2

[Event "TCh-FRA Top 12 2018"]
[Site "Brest FRA"]
[Date "2018.05.31"]
[Round "6.3"]
[Board "3"]
[White "Safarli, Eltaj"]
[Black "Godart, Francois"]
[Result "1-0"]
[WhiteTitle "GM"]
[BlackTitle "IM"]
[WhiteElo "2657"]
[BlackElo "2420"]
[WhiteTeam "Metz Fischer"]
[BlackTeam "Les Tours de Haute Picardie, SAINT QUENTIN"]
[WhiteFideId "13402129"]
[BlackFideId "208078"]
[EventDate "2018.05.26"]

1. e4 e6 2. d4 d5 3. Nd2 c5 4. Ngf3 cxd4 5. Nxd4 Nc6 6. Bb5 Bd7 7. Nxc6 bxc6 8.
Bd3 Bd6 9. Qe2 Ne7 10. Nf3 Ng6 11. e5 Bc7 12. O-O O-O 13. b3 Qe7 14. Re1 a5 15.
h4 f6 16. Bxg6 hxg6 17. Bf4 Qb4 18. c4 a4 19. Qc2 axb3 20. axb3 Rxa1 21. Rxa1
Qb8 22. Qxg6 Be8 23. Qg4 f5 24. Qg3 Qxb3 25. c5 Bh5 26. Nd4 Qb2 27. Ra7 Qxd4 28.
Rxc7 Bg4 29. Kh2 Rb8 30. Qe3 Qd1 31. Bh6 Rb1 32. Rxg7+ Kh8 33. Rg6 Qh1+ 34. Kg3
Rg1 35. Bg7+ Kg8 36. Bf6+ Kf7 37. Rg7+ Ke8 38. Re7+ Kd8 39. Rxe6+ Kd7 40. Rd6+
Kc7 41. e6 Rxg2+ 42. Kf4 Bd1 43. Rd7+ Kc8 44. Rd8+ Kb7 45. Ke5 Rg4 46. f4 Rg1
47. Kd6 d4 48. Qa3 1-0

[Event "TCh-FRA Top 12 2018"]
[Site "Brest FRA"]
[Date "2018.05.31"]
[Round "6.3"]
[Board "4"]
[White "Chabanon, Jean-Luc"]
[Black "Feller, Sebastien"]
[Result "1/2-1/2"]
[WhiteTitle "GM"]
[BlackTitle "GM"]
[WhiteElo "2450"]
[BlackElo "2574"]
[WhiteTeam "Les Tours de Haute Picardie, SAINT QUENTIN"]
[BlackTeam "Metz Fischer"]
[WhiteFideId "600075"]
[BlackFideId "634654"]
[EventDate "2018.05.26"]

1. d4 Nf6 2. c4 c6 3. Nc3 d5 4. e3 Bf5 5. Nf3 e6 6. Nh4 Be4 7. f3 Bg6 8. Qb3 Qc7
9. Bd2 Be7 10. Nxg6 hxg6 11. g3 O-O 12. Rc1 dxc4 13. Bxc4 Nbd7 14. O-O e5 1/2-1/2

[Event "TCh-FRA Top 12 2018"]
[Site "Brest FRA"]
[Date "2018.05.31"]
[Round "6.3"]
[Board "5"]
[White "Terrieux, Kevin"]
[Black "Marcelin, Cyril"]
[Result "1-0"]
[WhiteTitle "IM"]
[BlackTitle "GM"]
[WhiteElo "2462"]
[BlackElo "2462"]
[WhiteTeam "Metz Fischer"]
[BlackTeam "Les Tours de Haute Picardie, SAINT QUENTIN"]
[WhiteFideId "622591"]
[BlackFideId "607274"]
[EventDate "2018.05.26"]

1. d4 d5 2. Bf4 c5 3. e3 Nc6 4. c3 cxd4 5. exd4 Bf5 6. Nf3 e6 7. Nbd2 Bd6 8.
Bxd6 Qxd6 9. Nh4 Bg6 10. Nxg6 hxg6 11. g3 Nge7 12. Be2 Nf5 13. a4 f6 14. O-O Kf7
15. Re1 Rh6 16. Nf1 Rah8 17. Bf3 Qd7 18. Bg2 g5 19. Re2 Nd6 20. b3 g4 21. c4 Ne4
22. Rc1 f5 23. f3 gxf3 24. Bxf3 dxc4 25. Bxe4 fxe4 26. Rxe4 cxb3 27. Qxb3 Rd8
28. Rd1 Rf6 29. Ne3 Kf8 30. d5 exd5 31. Nxd5 Rf7 32. Rh4 Kg8 33. Qb1 Rf5 34. Ne3 1-0

[Event "TCh-FRA Top 12 2018"]
[Site "Brest FRA"]
[Date "2018.05.31"]
[Round "6.3"]
[Board "6"]
[White "Colin, Vincent"]
[Black "Todorov, Todor"]
[Result "1/2-1/2"]
[WhiteTitle "IM"]
[BlackTitle "GM"]
[WhiteElo "2386"]
[BlackElo "2477"]
[WhiteTeam "Les Tours de Haute Picardie, SAINT QUENTIN"]
[BlackTeam "Metz Fischer"]
[WhiteFideId "612324"]
[BlackFideId "2903237"]
[EventDate "2018.05.26"]

1. c4 g6 2. d4 Bg7 3. e4 d6 4. Nc3 e5 5. Nge2 Nf6 6. d5 c6 7. Ng3 h5 8. Be2 a6
9. Bg5 c5 10. Qd2 Nbd7 11. O-O Qc7 12. a3 Nh7 13. Be3 Qd8 14. b4 b6 15. Rab1 O-O
16. Rb3 h4 17. Nh1 f5 18. exf5 gxf5 19. f4 Ra7 20. Nf2 exf4 21. Bxf4 Ne5 22.
bxc5 bxc5 23. Nh3 Ng6 24. Bh6 Qf6 25. Be3 Re7 26. Na4 Rfe8 27. Kh1 f4 28. Nxf4
Nxf4 29. Nb6 Bb7 30. Bg4 Qg6 31. Bd7 Rxe3 32. Bxe8 Rxe8 33. Qxf4 Re4 34. Qd2 Qe8
35. Rbb1 Bc8 36. h3 Re5 37. Nxc8 Qxc8 38. Qf4 Bf6 39. Rb6 Qc7 40. Qg4+ Bg5 41.
Rc6 Qe7 42. Kh2 Nf6 43. Qc8+ Ne8 44. Rxa6 Re4 45. Qf5 Qe5+ 46. Qxe5 Rxe5 47. a4
Kg7 48. a5 Re2 49. Ra7+ Kg6 50. Ra8 Nf6 51. a6 Ra2 52. a7 Kg7 53. Rf5 Bh6 54.
Rd8 Rxa7 55. Rxd6 Ne4 56. Re6 Ng3 57. Rfe5 Ra2 58. Re7+ Kg6 59. R5e6+ Kg5 60. d6
Bf8 61. Re1 Rd2 62. R7e5+ Kf4 63. Rxc5 Bxd6 64. Rd5 Rxd5 65. cxd5 Ne4 66. Rd1
Ke3+ 67. Kg1 Ke2 68. Ra1 Ng3 69. Ra2+ Ke1 70. Ra1+ Ke2 71. Ra2+ 1/2-1/2

[Event "TCh-FRA Top 12 2018"]
[Site "Brest FRA"]
[Date "2018.05.31"]
[Round "6.3"]
[Board "7"]
[White "Koch, Jean-Rene"]
[Black "Cappon, John"]
[Result "1-0"]
[WhiteTitle "IM"]
[WhiteElo "2454"]
[BlackElo "2145"]
[WhiteTeam "Metz Fischer"]
[BlackTeam "Les Tours de Haute Picardie, SAINT QUENTIN"]
[WhiteFideId "600148"]
[BlackFideId "608459"]
[EventDate "2018.05.26"]

1. c4 e5 2. Nc3 Nc6 3. Nf3 f5 4. g3 Nf6 5. d4 e4 6. Nh4 d6 7. Bh3 g6 8. Bg5 Bg7
9. Qd2 Ne7 10. f3 exf3 11. Nxf3 h6 12. Bxf6 Bxf6 13. d5 Bg7 14. O-O-O O-O 15.
Bg2 a6 16. Nd4 Rb8 17. e4 b5 18. cxb5 Bxd4 19. Qxd4 axb5 20. Kb1 fxe4 21. Bxe4
Bf5 22. Rhe1 Qd7 23. Bxf5 Nxf5 24. Qd2 Rbe8 25. a3 Kh7 26. Qd3 b4 27. axb4 Rxe1
28. Rxe1 Ng7 29. Rf1 Rxf1+ 30. Qxf1 Nf5 31. Qc4 Ne3 32. Qc6 Qf7 33. Ka2 h5 34.
Kb3 Kh6 35. b5 Qf2 36. Qxc7 Qc2+ 37. Kb4 Qxb2+ 38. Ka5 Qb3 39. Ka6 Nc4 40. b6
Qxc3 41. Kb7 Qd4 42. Qc6 Kg5 43. Kc7 Qxb6+ 44. Qxb6 Nxb6 45. Kxb6 Kg4 46. Kc6
Kh3 47. Kxd6 Kxh2 48. Ke5 1-0

[Event "TCh-FRA Top 12 2018"]
[Site "Brest FRA"]
[Date "2018.05.31"]
[Round "6.3"]
[Board "8"]
[White "Bolon, Karelle"]
[Black "Benmesbah, Natacha"]
[Result "0-1"]
[WhiteTitle "WFM"]
[BlackTitle "WIM"]
[WhiteElo "1994"]
[BlackElo "2264"]
[WhiteTeam "Les Tours de Haute Picardie, SAINT QUENTIN"]
[BlackTeam "Metz Fischer"]
[WhiteFideId "634514"]
[BlackFideId "642002"]
[EventDate "2018.05.26"]

1. d4 Nf6 2. Nf3 e6 3. e3 b6 4. Bd3 Bb7 5. c4 d5 6. Nc3 Nbd7 7. O-O Be7 8. b3
O-O 9. Bb2 Ne4 10. cxd5 exd5 11. Nd2 Nxc3 12. Bxc3 Bd6 13. f4 Re8 14. Rf3 Nf6
15. Rg3 Qe7 16. Rc1 a5 17. Qf3 Ba3 18. Re1 Bb4 19. Rc1 Bxc3 20. Rxc3 c5 21. Rc1
c4 22. Bf5 b5 23. Rh3 g6 24. Qg3 Bc8 25. Bxc8 Raxc8 26. bxc4 bxc4 27. Qg5 h5 28.
f5 Ng4 29. Qf4 a4 30. Rf1 c3 31. f6 Qxf6 32. Qg3 cxd2 33. Rxh5 Qxf1+ 0-1

[Event "TCh-FRA Top 12 2018"]
[Site "Brest FRA"]
[Date "2018.05.31"]
[Round "6.4"]
[Board "1"]
[White "Efimov, Igor"]
[Black "Moussard, Jules"]
[Result "1-0"]
[WhiteTitle "GM"]
[BlackTitle "GM"]
[WhiteElo "2413"]
[BlackElo "2570"]
[WhiteTeam "C.E.M.C. Monaco"]
[BlackTeam "Evry Grand Roque"]
[WhiteFideId "806404"]
[BlackFideId "642908"]
[EventDate "2018.05.26"]

1. e4 Nc6 2. Nf3 d6 3. h3 Nf6 4. Nc3 g6 5. d4 Bg7 6. d5 Nb8 7. Bc4 O-O 8. O-O c6
9. a4 b6 10. Re1 Bb7 11. Bg5 Nbd7 12. Qe2 cxd5 13. exd5 Re8 14. Rad1 Rc8 15. Nb5
a6 16. Na7 Ra8 17. Nc6 Qc7 18. b3 Nc5 19. Nfd4 Nfe4 20. Qe3 Bxc6 21. Nxc6 e6 22.
b4 exd5 23. Bxd5 Nxg5 24. Ne7+ Kf8 25. Bxa8 Nce6 26. Nd5 Qxc2 27. Rc1 Qf5 28.
Bc6 Bd4 29. Qe2 Rc8 30. Ne3 Qf4 31. Qxa6 Rd8 32. Qe2 h5 33. Rc4 Qe5 34. Nc2
Nxh3+ 35. gxh3 Qg3+ 36. Kf1 Qh2 37. Nxd4 Nf4 38. Qf3 d5 39. Qxf4 Qxh3+ 40. Kg1 1-0

[Event "TCh-FRA Top 12 2018"]
[Site "Brest FRA"]
[Date "2018.05.31"]
[Round "6.4"]
[Board "2"]
[White "Fedorchuk, Sergey A."]
[Black "Kosten, Anthony C."]
[Result "1-0"]
[WhiteTitle "GM"]
[BlackTitle "GM"]
[WhiteElo "2637"]
[BlackElo "2448"]
[WhiteTeam "Evry Grand Roque"]
[BlackTeam "C.E.M.C. Monaco"]
[WhiteFideId "14102536"]
[BlackFideId "400114"]
[EventDate "2018.05.26"]

1. e4 e5 2. Nf3 Nc6 3. Bb5 a6 4. Ba4 Nf6 5. O-O Be7 6. d3 d6 7. c4 Bg4 8. h3
Bxf3 9. Qxf3 Nd7 10. Bxc6 bxc6 11. Be3 O-O 12. Nc3 Bg5 13. b4 Bxe3 14. Qxe3 a5
15. b5 c5 16. f4 exf4 17. Rxf4 f6 18. Raf1 Nb6 19. Rf5 Qe7 20. Qg3 Rae8 21. Ne2
g6 22. R5f2 Qe5 23. Qh4 Kg7 24. Kh1 Qg5 25. Qxg5 fxg5 26. Kg1 Rxf2 27. Rxf2 Nd7
28. Nc1 Ne5 29. Rb2 Rb8 30. Rb3 g4 31. Ra3 Ra8 32. hxg4 Nxg4 33. Ra4 Kf6 34. Kf1
Ke5 35. Ke1 Kd4 36. Kd2 Ke5 37. g3 h5 38. Nb3 Rf8 39. Nxa5 Rf2+ 40. Kc3 Rg2 41.
Nc6+ Kf6 42. Ra7 Ne3 43. Rxc7 Rxa2 44. Kb3 Rd2 45. b6 Rxd3+ 46. Ka4 Nxc4 47. b7
Nb2+ 48. Ka5 Rxg3 49. Rd7 Ra3+ 50. Kb6 Rb3+ 51. Kc7 Nc4 52. b8=Q Rxb8 53. Kxb8
h4 54. Kc7 Kg5 55. Rh7 Kg4 56. Ne7 g5 57. Kc6 Nd2 58. Kd5 h3 59. Nf5 c4 60. Nxd6
c3 61. Nf5 Nf3 62. Ne3+ Kg3 63. e5 Kf4 64. e6 Kxe3 65. e7 h2 66. e8=Q+ Kd2 67.
Qe4 Nh4 68. Kc4 1-0

[Event "TCh-FRA Top 12 2018"]
[Site "Brest FRA"]
[Date "2018.05.31"]
[Round "6.4"]
[Board "3"]
[White "Cornette, Deimante"]
[Black "Relange, Eloi"]
[Result "1/2-1/2"]
[WhiteTitle "IM"]
[BlackTitle "GM"]
[WhiteElo "2461"]
[BlackElo "2455"]
[WhiteTeam "C.E.M.C. Monaco"]
[BlackTeam "Evry Grand Roque"]
[WhiteFideId "12802859"]
[BlackFideId "600822"]
[EventDate "2018.05.26"]

1. e4 c5 2. Nf3 e6 3. d4 cxd4 4. Nxd4 Nf6 5. Nc3 d6 6. g4 e5 7. Bb5+ Bd7 8.
Bxd7+ Qxd7 9. Nf5 h5 10. Bg5 Nh7 11. f4 g6 12. Ne3 f6 13. Bh4 exf4 14. Ned5 g5
15. Bf2 Nc6 16. Nb5 Kf7 17. Ndc7 Rc8 18. Qd5+ Kg6 19. Ne6 Ne7 20. gxh5+ Kh6 21.
Qb3 d5 22. Nxf8 Rhxf8 23. O-O-O a6 24. Nc3 Rfe8 25. Nxd5 Nxd5 26. Rxd5 Qc6 27.
Rc5 Qd7 28. Rd1 Qe7 29. Rxc8 Rxc8 30. Qd5 Re8 31. Rd4 Qe6 32. Qxb7 Qxa2 33. c4
Qa1+ 34. Kc2 Qf1 35. Qf7 Qe2+ 36. Kb1 Qxh5 37. Qxh5+ Kxh5 38. c5 Kg4 39. c6 Kf3
40. Be1 Nf8 41. Ba5 Ne6 42. Rd6 Kxe4 43. c7 Kf5 44. Rd5+ Ke4 45. Rd6 Kf5 46.
Rd5+ Ke4 47. Rd6 Ke5 1/2-1/2

[Event "TCh-FRA Top 12 2018"]
[Site "Brest FRA"]
[Date "2018.05.31"]
[Round "6.4"]
[Board "4"]
[White "Oratovsky, Michael"]
[Black "Villegas, Pierre"]
[Result "1/2-1/2"]
[WhiteTitle "GM"]
[BlackTitle "FM"]
[WhiteElo "2456"]
[BlackElo "2345"]
[WhiteTeam "Evry Grand Roque"]
[BlackTeam "C.E.M.C. Monaco"]
[WhiteFideId "2802090"]
[BlackFideId "654183"]
[EventDate "2018.05.26"]

1. e4 c6 2. d4 d5 3. Nd2 dxe4 4. Nxe4 Bf5 5. Ng3 Bg6 6. Nh3 e6 7. Nf4 Bd6 8. c3
Nf6 9. h4 Qc7 10. Qf3 Nbd7 11. h5 Bc2 12. h6 g6 13. Bd3 Bxd3 14. Nxd3 Qa5 15.
Bf4 Bxf4 16. Qxf4 Rg8 17. a3 1/2-1/2

[Event "TCh-FRA Top 12 2018"]
[Site "Brest FRA"]
[Date "2018.05.31"]
[Round "6.4"]
[Board "5"]
[White "Dornbusch, Tatiana"]
[Black "Brochet, Philippe"]
[Result "1-0"]
[WhiteTitle "WGM"]
[BlackTitle "IM"]
[WhiteElo "2290"]
[BlackElo "2409"]
[WhiteTeam "C.E.M.C. Monaco"]
[BlackTeam "Evry Grand Roque"]
[WhiteFideId "14107449"]
[BlackFideId "602469"]
[EventDate "2018.05.26"]

1. d4 d5 2. c4 dxc4 3. Nf3 Nf6 4. e3 Bg4 5. Bxc4 e6 6. O-O c5 7. dxc5 Nc6 8.
Qxd8+ Rxd8 9. Nd4 Nxd4 10. exd4 Rxd4 11. Bb5+ Kd8 12. Nc3 a6 13. c6 axb5 14.
cxb7 Nd7 15. Be3 Rb4 16. f3 Bd6 17. Rad1 Ke7 18. Rd2 Ne5 19. Rfd1 Bxf3 20. Rxd6
Bxd1 21. Bc5 Rc4 22. Rd8+ Rxc5 23. Rxh8 Nd7 24. Rc8 b4 25. Rxc5 bxc3 26. Rxc3 1-0

[Event "TCh-FRA Top 12 2018"]
[Site "Brest FRA"]
[Date "2018.05.31"]
[Round "6.4"]
[Board "6"]
[White "Milliet, Sophie"]
[Black "Meylan, Andre"]
[Result "1-0"]
[WhiteTitle "IM"]
[WhiteElo "2391"]
[BlackElo "2179"]
[WhiteTeam "Evry Grand Roque"]
[BlackTeam "C.E.M.C. Monaco"]
[WhiteFideId "623725"]
[BlackFideId "1301225"]
[EventDate "2018.05.26"]

1. e4 e6 2. d4 d5 3. Nc3 Nf6 4. e5 Nfd7 5. f4 c5 6. Nf3 Nc6 7. Be3 Qb6 8. Na4
Qa5+ 9. c3 cxd4 10. b4 Nxb4 11. cxb4 Bxb4+ 12. Bd2 Bxd2+ 13. Nxd2 b6 14. Rb1 Ba6
15. Bxa6 Qxa6 16. Nf3 Nc5 17. Nb2 Qa5+ 18. Qd2 Qxa2 19. O-O d3 20. Ra1 1-0

[Event "TCh-FRA Top 12 2018"]
[Site "Brest FRA"]
[Date "2018.05.31"]
[Round "6.4"]
[Board "7"]
[White "Nelis, Jean-Francois"]
[Black "Leroy, Didier"]
[Result "0-1"]
[BlackTitle "IM"]
[WhiteElo "2141"]
[BlackElo "2297"]
[WhiteTeam "C.E.M.C. Monaco"]
[BlackTeam "Evry Grand Roque"]
[WhiteFideId "623830"]
[BlackFideId "610950"]
[EventDate "2018.05.26"]

1. e4 c5 2. Nf3 Nc6 3. Bb5 e6 4. Bxc6 bxc6 5. b3 f6 6. Bb2 Nh6 7. O-O Be7 8. e5
fxe5 9. Nxe5 O-O 10. d4 cxd4 11. Qxd4 Bf6 12. Qd2 Qc7 13. f4 d6 14. Nd3 Ng4 15.
h3 Qb6+ 16. Kh1 Ne3 17. Re1 Nf5 18. Nc3 Bh4 19. Rg1 Bb7 20. Ne2 c5 21. c4 Qc6
22. Kh2 Bf6 23. Raf1 Bxb2 24. Nxb2 Rf6 25. Nd1 Rg6 26. Rf2 Rf8 27. Qd3 d5 28.
cxd5 exd5 29. Ne3 Nxe3 30. Qxe3 Re6 31. Qd2 d4 32. b4 Rd8 33. bxc5 Qxc5 34. f5
Re3 35. Rc1 Qe5+ 36. Kg1 Qe4 37. Rc7 Ba6 38. Nf4 Qxf5 39. Rxa7 Qb1+ 40. Kh2 Qb6
41. Rf7 Qd6 42. Rf5 Bc4 43. g3 Ra8 44. Qc2 Bxa2 45. Nh5 Bb3 46. Qb1 Qg6 47. Qa1
Ree8 48. Qxd4 h6 49. Rc5 Re7 50. Qc3 Be6 51. Re2 Ra2 52. Qe3 Bc4 53. Qxe7 Rxe2+
54. Qxe2 Bxe2 55. Nf4 Qe4 56. Rc1 Ba6 57. Ng2 Qe2 58. h4 Bb7 59. Rg1 Kh7 60. Kh1
Qf2 61. Kh2 h5 0-1

[Event "TCh-FRA Top 12 2018"]
[Site "Brest FRA"]
[Date "2018.05.31"]
[Round "6.4"]
[Board "8"]
[White "Manouck, Thierry"]
[Black "Van Hoolandt, Patrick"]
[Result "1-0"]
[WhiteTitle "IM"]
[BlackTitle "FM"]
[WhiteElo "2195"]
[BlackElo "2086"]
[WhiteTeam "Evry Grand Roque"]
[BlackTeam "C.E.M.C. Monaco"]
[WhiteFideId "600873"]
[BlackFideId "200999"]
[EventDate "2018.05.26"]

1. c4 e5 2. g3 Nf6 3. Bg2 d5 4. cxd5 Nxd5 5. Nf3 Nc6 6. O-O Nb6 7. b3 f6 8. Bb2
Bg4 9. d4 exd4 10. Nxd4 Nxd4 11. Bxd4 c6 12. f3 Be6 13. e4 Qd7 14. Nc3 Rd8 15.
Ne2 Ba3 16. Qc2 O-O 17. Rad1 Qe7 18. Be3 Rxd1 19. Rxd1 Rd8 20. Rxd8+ Qxd8 21.
Nf4 Bf7 22. Nd3 Bd6 23. Bh3 Qe7 24. Nc5 Nc4 25. bxc4 Bxc5 26. Qf2 Bxe3 27. Qxe3
b6 28. Bf1 Kf8 29. a3 Ke8 30. f4 Bg6 31. e5 Qe6 1-0